000 00256nam a22001097a 4500
082 _a823
_bALA
100 _aUNKNOWN
245 _aALLADIN& THE MAGIC LAMP
246 _aALLADIN& THE MAGIC LAMP
_bALLADIN& THE MAGIC LAMP
650 _aENGLISH STORY
942 _cBK
999 _c8797
_d8797